[Event "SVK-ch op"]
[Site "Ruzomberok"]
[Date "2019.07.05"]
[Round "7"]
[White "Segeda, Milos"]
[Black "Kunzo, Slavomir"]
[Result "0-1"]
[WhiteElo "1446"]
[BlackElo "1593"]
[PlyCount "46"]
[EventDate "2019.06.29"]
[EventType "swiss"]
[EventRounds "9"]
[EventCountry "SVK"]
[SourceTitle "CBM 191 Extra"]
[Source "ChessBase"]
[SourceDate "2019.09.30"]
[SourceVersion "1"]
[SourceVersionDate "2019.09.30"]
[SourceQuality "1"]

1. e4 c5 2. Nf3 g6 3. Nc3 Bg7 4. Bc4 e6 5. 0-0 Ne7 6. Re1 0-0 7. a4 d5 8. Be2 Nbc6 9. Nb5 a6 10. Na3 dxe4 11. Ng5 f5 12. Bc4 Nd5 13. h4 h6 14. h5 Qxg5 15. hxg6 Qxg6 16. Be2 Nf4 17. g3 Nd4 18. Nc4 Nfxe2+ 19. Rxe2 Nxe2+ 20. Qxe2 f4 21. d3 fxg3 22. Be3 gxf2+ 23. Kf1 Qg1# 0-1

[Event "SVK-ch op"]
[Site "Ruzomberok"]
[Date "2019.07.04"]
[Round "6"]
[White "Laurencsik, Alexander"]
[Black "Kunzo, Slavomir"]
[Result "1-0"]
[WhiteElo "1742"]
[BlackElo "1593"]
[PlyCount "113"]
[EventDate "2019.06.29"]
[EventType "swiss"]
[EventRounds "9"]
[EventCountry "SVK"]
[SourceTitle "CBM 191 Extra"]
[Source "ChessBase"]
[SourceDate "2019.09.30"]
[SourceVersion "1"]
[SourceVersionDate "2019.09.30"]
[SourceQuality "1"]

1. Nf3 d5 2. g3 g6 3. d3 b6 4. Bg2 Bb7 5. Nbd2 Bg7 6. e4 e5 7. 0-0 Ne7 8. Re1 d4 9. Nc4 Nd7 10. a4 a5 11. Nh4 0-0 12. f4 f5 13. exf5 Bxg2 14. Kxg2 Nxf5 15. Nxf5 Rxf5 16. g4 Rf8 17. Qf3 exf4 18. Bxf4 Kh8 19. Qg3 Rc8 20. Re2 Qf6 21. Rf2 Qc6+ 22. Kg1 Rf7 23. b3 Re7 24. Raf1 Qc5 25. h4 Re6 26. Bc1 Qd5 27. Qg2 Qxg2+ 28. Kxg2 Rce8 29. Bf4 Be5 30. Nxe5 Nxe5 31. Bh6 Nd7 32. Rf7 Rd6 33. Bf4 Rd5 34. Bxc7 Ne5 35. Bxe5+ Rdxe5 36. Rf8+ Rxf8 37. Rxf8+ Kg7 38. Rc8 Re6 39. Rc4 Rd6 40. Kf3 Kf6 41. Ke4 h5 42. g5+ Ke6 43. Rxd4 Rxd4+ 44. Kxd4 Kf5 45. Ke3 Kg4 46. d4 Kxh4 47. d5 Kxg5 48. c3 Kf6 49. Ke4 Ke7 50. b4 axb4 51. cxb4 h4 52. a5 bxa5 53. bxa5 h3 54. Kf3 h2 55. Kg2 Kd8 56. a6 Kc8 57. d6 1-0

[Event "SVK-ch op"]
[Site "Ruzomberok"]
[Date "2019.07.01"]
[Round "3"]
[White "Kunzo, Slavomir"]
[Black "Kapicakova, Lucia"]
[Result "0-1"]
[WhiteElo "1593"]
[BlackElo "1776"]
[PlyCount "152"]
[EventDate "2019.06.29"]
[EventType "swiss"]
[EventRounds "9"]
[EventCountry "SVK"]
[SourceTitle "CBM 191 Extra"]
[Source "ChessBase"]
[SourceDate "2019.09.30"]
[SourceVersion "1"]
[SourceVersionDate "2019.09.30"]
[SourceQuality "1"]

1. c4 Nf6 2. d4 g6 3. Nc3 Bg7 4. Nf3 d6 5. e3 0-0 6. Be2 Nbd7 7. 0-0 e5 8. dxe5 dxe5 9. e4 c6 10. b4 Qe7 11. Rb1 Rd8 12. Qb3 Nf8 13. c5 Bg4 14. Be3 Bxf3 15. Bxf3 Ne6 16. Ne2 Rd7 17. Rfd1 Rad8 18. Rxd7 Qxd7 19. h3 a6 20. a4 Bf8 21. g4 h6 22. Kg2 Qd3 23. Qxd3 Rxd3 24. h4 Ra3 25. a5 Rd3 26. g5 hxg5 27. hxg5 Nh7 28. Nc1 Rd8 29. Be2 Nhxg5 30. f3 Bh6 31. Nb3 f6 32. Rd1 Rxd1 33. Bxd1 Nf7 34. Bxh6 Nxh6 35. Nd2 Nf4+ 36. Kf1 Nd3 37. Ke2 Nf4+ 38. Ke3 Kf8 39. Bb3 Ke7 40. Nc4 Nf7 41. Nb6 Nd8 42. Nc8+ Kf8 43. Nd6 Ke7 44. Nc8+ Ke8 45. Nd6+ Ke7 46. Nc8+ Kd7 47. Nd6 Nfe6 48. Ba2 Nd4 49. Bb1 Nb5 50. Nc4 Nc3 51. Nd2 Nxb1 52. Nxb1 Ne6 53. Na3 Nd4 54. f4 Nb5 55. Nc4 exf4+ 56. Kxf4 Ke6 57. Ke3 Nc3 58. Nd6 Na2 59. Nxb7 Nxb4 60. Nd8+ Ke7 61. Nb7 g5 62. Nd6 Ke6 63. Nf5 Ke5 64. Nd6 Ke6 65. Ne8 Kf7 66. Nd6+ Kg6 67. Nf5 Kh5 68. Ng7+ Kh4 69. Ne8 g4 70. Nxf6 g3 71. Kf3 Nd3 72. Kg2 Nf4+ 73. Kf3 g2 74. Kf2 Kh3 75. Nh5 Nxh5 76. e5 Kh2 0-1

[Event "SVK-ch op"]
[Site "Ruzomberok"]
[Date "2019.06.30"]
[Round "2"]
[White "Mocary, Metod"]
[Black "Kunzo, Slavomir"]
[Result "1/2-1/2"]
[WhiteElo "1830"]
[BlackElo "1593"]
[PlyCount "51"]
[EventDate "2019.06.29"]
[EventType "swiss"]
[EventRounds "9"]
[EventCountry "SVK"]
[SourceTitle "CBM 191 Extra"]
[Source "ChessBase"]
[SourceDate "2019.09.30"]
[SourceVersion "1"]
[SourceVersionDate "2019.09.30"]
[SourceQuality "1"]

1. d4 d5 2. Nf3 Nf6 3. c4 e6 4. Nc3 c6 5. Bg5 Be7 6. e3 0-0 7. Bd3 Nbd7 8. 0-0 h6 9. Bh4 b6 10. Rc1 Bb7 11. cxd5 cxd5 12. Ne5 Nxe5 13. dxe5 Ne4 14. Bxe7 Qxe7 15. a3 Nc5 16. Bb1 Ba6 17. Re1 f5 18. b4 Ne4 19. f4 Rfc8 20. Nxe4 Rxc1 21. Qxc1 dxe4 22. Rd1 Rc8 23. Qd2 Bc4 24. Ba2 b5 25. Bxc4 bxc4 26. Qc3 1/2-1/2

[Event "SVK-ch op"]
[Site "Ruzomberok"]
[Date "2019.06.29"]
[Round "1"]
[White "Kunzo, Slavomir"]
[Black "Baleja, Marian"]
[Result "0-1"]
[WhiteElo "1593"]
[BlackElo "1951"]
[PlyCount "74"]
[EventDate "2019.06.29"]
[EventType "swiss"]
[EventRounds "9"]
[EventCountry "SVK"]
[SourceTitle "CBM 191 Extra"]
[Source "ChessBase"]
[SourceDate "2019.09.30"]
[SourceVersion "1"]
[SourceVersionDate "2019.09.30"]
[SourceQuality "1"]

1. c4 Nf6 2. d4 e6 3. Nc3 d5 4. Bg5 Bb4 5. e3 h6 6. Bh4 0-0 7. Bd3 c6 8. Nge2 Nbd7 9. 0-0 Re8 10. e4 dxe4 11. Nxe4 Be7 12. Bg3 b6 13. Rc1 Nf8 14. Nxf6+ Bxf6 15. b4 Bb7 16. Be4 e5 17. d5 cxd5 18. cxd5 Rc8 19. Qd3 Bg5 20. f4 Rxc1 21. Rxc1 exf4 22. Bxf4 Bxf4 23. Nxf4 Qd6 24. Qd4 Nd7 25. Rf1 Nf6 26. Bf3 Re5 27. Rd1 Rf5 28. Ne2 g5 29. Qd3 Re5 30. g4 Qxb4 31. Qc3 Qxc3 32. Nxc3 Re3 33. d6 Bxf3 34. Nd5 Bxd5 35. Rxd5 Nd7 36. a4 Kf8 37. a5 Re5 0-1

[Event "Ruzomberok Montana op"]
[Site "Ruzomberok"]
[Date "2017.06.02"]
[Round "6"]
[White "Kluka, Vojtech"]
[Black "Kunzo, Slavomir"]
[Result "1-0"]
[WhiteElo "1589"]
[BlackElo "1646"]
[PlyCount "97"]
[EventDate "2017.05.28"]
[EventType "swiss"]
[EventRounds "9"]
[EventCountry "SVK"]
[SourceTitle "EXT 2018"]
[Source "ChessBase"]
[SourceDate "2017.10.13"]
[SourceVersion "1"]
[SourceVersionDate "2017.10.13"]
[SourceQuality "1"]

1. e4 c5 2. c4 Nc6 3. Nc3 Nf6 4. d3 g6 5. Bg5 Bg7 6. f4 d6 7. Nf3 Bg4 8. Be2 0-0 9. 0-0 Nd7 10. Rb1 f6 11. Bh4 e6 12. h3 Bxf3 13. Bxf3 Nd4 14. Ne2 g5 15. Nxd4 cxd4 16. fxg5 fxg5 17. Bg3 Ne5 18. Qe2 Nxf3+ 19. Rxf3 d5 20. exd5 exd5 21. Qe6+ Kh8 22. Rxf8+ Qxf8 23. Qxd5 b6 24. Rf1 Qe8 25. Qxg5 Qe3+ 26. Qxe3 dxe3 27. Bf4 Bd4 28. Re1 e2+ 29. Kh2 Re8 30. Kg3 Bxb2 31. Kf3 Rd8 32. Kxe2 Kg7 33. Rd1 Bd4 34. Kf3 Re8 35. Rd2 Re7 36. Re2 Rf7 37. Re4 Bb2 38. d4 Rd7 39. d5 Ba3 40. Re6 Bc5 41. Ke4 a5 42. d6 Kf7 43. Kd5 a4 44. Rh6 Kg7 45. Kc6 Rf7 46. Rh4 Bf2 47. Rg4+ Kf6 48. d7 Rf8 49. Bc7 1-0

[Event "Ruzomberok Montana op"]
[Site "Ruzomberok"]
[Date "2017.05.29"]
[Round "2"]
[White "Kunzo, Slavomir"]
[Black "Stevik, Patrik1111"]
[Result "0-1"]
[WhiteElo "1646"]
[BlackElo "1644"]
[PlyCount "62"]
[EventDate "2017.05.28"]
[EventType "swiss"]
[EventRounds "9"]
[EventCountry "SVK"]
[SourceTitle "EXT 2018"]
[Source "ChessBase"]
[SourceDate "2017.10.13"]
[SourceVersion "1"]
[SourceVersionDate "2017.10.13"]
[SourceQuality "1"]

1. c4 Nf6 2. g3 g6 3. Bg2 Bg7 4. d4 0-0 5. e4 d6 6. Ne2 e5 7. d5 Nbd7 8. 0-0 Ne8 9. Nbc3 Nb6 10. b3 f5 11. Bd2 f4 12. f3 g5 13. g4 Nf6 14. Rb1 h5 15. h3 hxg4 16. fxg4 Nxg4 17. hxg4 Bxg4 18. Bf3 Bxf3 19. Rxf3 g4 20. Rxf4 exf4 21. Nxf4 Qh4 22. Ne6 Rf2 23. Bf4 g3 24. Qh5 Qxh5 25. Bxg3 Rf3 26. Ne2 Qh3 27. Bf4 Qg4+ 28. Ng3 Rxg3+ 29. Bxg3 Qxg3+ 30. Kh1 Kf7 31. Rf1+ Ke7 0-1

[Event "EU Amateur-ch"]
[Site "Ruzomberok"]
[Date "2016.06.12"]
[Round "9"]
[White "Knaperek, Pavol"]
[Black "Kunzo, Slavomir"]
[Result "1-0"]
[WhiteElo "1904"]
[BlackElo "1670"]
[PlyCount "99"]
[EventDate "2016.06.06"]
[EventType "swiss"]
[EventRounds "9"]
[EventCountry "SVK"]
[SourceTitle "CBM 172 Extra"]
[Source "ChessBase"]
[SourceDate "2016.06.21"]
[SourceVersion "1"]
[SourceVersionDate "2016.06.21"]
[SourceQuality "1"]

1. f4 d5 2. e3 a6 3. d4 Bf5 4. Nf3 Nf6 5. Be2 e6 6. 0-0 Be7 7. Ne5 h5 8. Nd2 g6 9. c4 0-0 10. c5 c6 11. b4 Nbd7 12. Nb3 Nxe5 13. fxe5 Ne4 14. Bd2 Bh4 15. Be1 Bxe1 16. Qxe1 Qg5 17. Bf3 f6 18. exf6 Rxf6 19. h4 Qh6 20. Bxe4 dxe4 21. Na5 Rb8 22. Qg3 Rff8 23. Nc4 Qg7 24. a4 Kh7 25. Ne5 Rg8 26. Qg5 Qh6 27. Rf4 Qxg5 28. hxg5 Kg7 29. Nd7 Rbd8 30. Nf6 Rgf8 31. Nxe4 e5 32. dxe5 Rde8 33. Nd6 Rxe5 34. e4 Bg4 35. Rxf8 Kxf8 36. Rf1+ Kg8 37. Rf7 a5 38. Rxb7 axb4 39. a5 Be2 40. Kf2 Bb5 41. Nxb5 cxb5 42. Rxb5 b3 43. Ke3 Rxg5 44. Kd4 Rxg2 45. Rxb3 Rd2+ 46. Ke5 Rd8 47. c6 Ra8 48. c7 Kf7 49. Kd6 Ke8 50. Rb8+ 1-0

[Event "EU Amateur-ch"]
[Site "Ruzomberok"]
[Date "2016.06.10"]
[Round "6"]
[White "Kunzo, Slavomir"]
[Black "Hruska, Karol"]
[Result "1/2-1/2"]
[WhiteElo "1670"]
[BlackElo "1644"]
[PlyCount "113"]
[EventDate "2016.06.06"]
[EventType "swiss"]
[EventRounds "9"]
[EventCountry "SVK"]
[SourceTitle "CBM 172 Extra"]
[Source "ChessBase"]
[SourceDate "2016.06.21"]
[SourceVersion "1"]
[SourceVersionDate "2016.06.21"]
[SourceQuality "1"]

1. d4 d5 2. c4 e6 3. Nc3 Nf6 4. e3 Be7 5. Nf3 c6 6. Bd3 dxc4 7. Bxc4 b6 8. Qe2 a5 9. 0-0 Ba6 10. Bxa6 Nxa6 11. a3 Nb8 12. e4 h6 13. Be3 0-0 14. Rfd1 Qc7 15. g3 Qb7 16. Ne5 Nbd7 17. f4 h5 18. h3 Rad8 19. Nxd7 Rxd7 20. e5 Nd5 21. Nxd5 Rxd5 22. Qxh5 c5 23. f5 cxd4 24. Bxd4 Bc5 25. Bxc5 Rxc5 26. f6 Qe4 27. Qg5 Qg6 28. Qxg6 fxg6 29. fxg7 Kxg7 30. Rd6 Rxe5 31. Rxb6 Rf3 32. Rb7+ Kh6 33. Rc7 Rxg3+ 34. Kh2 Rb3 35. Rc2 Ree3 36. Kg2 Rxh3 37. Rh1 Rxh1 38. Kxh1 a4 39. Kg1 g5 40. Rc6 Rxb2 41. Rxe6+ Kh5 42. Re4 g4 43. Rxa4 Ra2 44. Ra8 Kh4 45. a4 Kg3 46. Kf1 Ra1+ 47. Ke2 Kg2 48. Kd3 g3 49. Kc4 Kf1 50. Rf8+ Kg1 51. Kb5 g2 52. a5 Rf1 53. Rg8 Rf7 54. a6 Kf2 55. Kb6 g1Q 56. Rxg1 Kxg1 57. a7 1/2-1/2

[Event "Zilina-ch"]
[Site "Zilina"]
[Date "2014.05.11"]
[Round "6"]
[White "Stuchly, Jan"]
[Black "Kunzo, Slavomir"]
[Result "1-0"]
[WhiteElo "1000"]
[BlackElo "1592"]
[PlyCount "101"]
[EventDate "2014.05.09"]
[EventType "swiss"]
[EventRounds "6"]
[EventCountry "SVK"]
[SourceTitle "CBM 160 Extra"]
[Source "ChessBase"]
[SourceDate "2014.07.01"]
[SourceVersion "1"]
[SourceVersionDate "2014.07.01"]
[SourceQuality "1"]

1. e4 c5 2. c4 e6 3. Nc3 Nc6 4. Nf3 Nd4 5. Nxd4 cxd4 6. Nb5 e5 7. d3 a6 8. Na3 Bxa3 9. bxa3 Ne7 10. Be2 Ng6 11. 0-0 0-0 12. Rb1 f5 13. exf5 Rxf5 14. Bg4 Rf8 15. Bf3 Rb8 16. Bd5+ Kh8 17. Qh5 Qh4 18. Qxh4 Nxh4 19. Bg5 Ng6 20. Rb6 Nf4 21. Be7 Re8 22. Bd6 Nxd5 23. cxd5 e4 24. Bxb8 exd3 25. Bf4 Re2 26. Rbb1 Rxa2 27. Rbe1 Re2 28. Rxe2 dxe2 29. Re1 d3 30. f3 h6 31. Kf2 g5 32. Bd2 d6 33. Ke3 Bf5 34. g4 Bh7 35. f4 Kg7 36. f5 h5 37. Kxd3 hxg4 38. Kxe2 Kf6 39. Bb4 Ke5 40. Kd3+ Kxd5 41. Re7 Bxf5+ 42. Ke3 b6 43. Rg7 a5 44. Bd2 Kc4 45. Rxg5 Bd7 46. Kf2 d5 47. Ke1 Kd3 48. Rg6 Kc2 49. Rxb6 d4 50. Bxa5 Bc8 51. Rc6+ 1-0

[Event "Zilina-ch"]
[Site "Zilina"]
[Date "2014.05.10"]
[Round "3"]
[White "Kunzo, Slavomir"]
[Black "Mejsnar, Miroslav"]
[Result "0-1"]
[WhiteElo "1592"]
[BlackElo "1878"]
[PlyCount "62"]
[EventDate "2014.05.09"]
[EventType "swiss"]
[EventRounds "6"]
[EventCountry "SVK"]
[SourceTitle "CBM 160 Extra"]
[Source "ChessBase"]
[SourceDate "2014.07.01"]
[SourceVersion "1"]
[SourceVersionDate "2014.07.01"]
[SourceQuality "1"]

1. d4 Nf6 2. c4 d6 3. Nc3 Bf5 4. Nf3 h6 5. e3 Nbd7 6. Bd3 Bxd3 7. Qxd3 e5 8. 0-0 Be7 9. a3 0-0 10. b4 Re8 11. d5 e4 12. Qd1 exf3 13. Qxf3 Ne5 14. Qe2 Qd7 15. f4 Ng6 16. Bb2 Bd8 17. e4 Nxe4 18. Nxe4 f5 19. Bxg7 Qxg7 20. Qh5 Rxe4 21. Qxf5 Rxf4 22. Qe6+ Kh7 23. Rxf4 Nxf4 24. Qe4+ Ng6 25. Rf1 Bf6 26. h4 Kh8 27. h5 Nh4 28. g4 Rf8 29. Kh1 Qh7 30. Qe6 Qc2 31. Rg1 Qd3 0-1

[Event "Zilina-ch"]
[Site "Zilina"]
[Date "2014.05.09"]
[Round "1"]
[White "Kunzo, Slavomir"]
[Black "Sevcikova, Lucia"]
[Result "1-0"]
[WhiteElo "1592"]
[BlackElo "1193"]
[PlyCount "61"]
[EventDate "2014.05.09"]
[EventType "swiss"]
[EventRounds "6"]
[EventCountry "SVK"]
[SourceTitle "CBM 160 Extra"]
[Source "ChessBase"]
[SourceDate "2014.07.01"]
[SourceVersion "1"]
[SourceVersionDate "2014.07.01"]
[SourceQuality "1"]

1. d4 Nf6 2. c4 e6 3. Nc3 d5 4. Bg5 Be7 5. Nf3 Bd7 6. e3 Nc6 7. Bxf6 Bxf6 8. cxd5 exd5 9. Nxd5 0-0 10. Bd3 Re8 11. 0-0 Be6 12. Nxf6+ Qxf6 13. h3 Nb4 14. Be2 Qg6 15. Ne5 Qg5 16. f4 Qg3 17. Rf3 Qh4 18. Qa4 Nc6 19. Nxc6 bxc6 20. Qxc6 Rac8 21. f5 Bxf5 22. Rxf5 Rxe3 23. Qd7 Rf8 24. Bc4 Re7 25. Qd5 c6 26. Qc5 Qe4 27. Raf1 Qe3+ 28. Kh1 g6 29. Re5 Rxe5 30. Qxe5 Qd2 31. Bxf7+ 1-0

[Event "Zilina op"]
[Site "Zilina"]
[Date "2013.08.29"]
[Round "2"]
[White "Nedoba, Milan"]
[Black "Kunzo, Slavomir"]
[Result "0-1"]
[WhiteElo "1787"]
[BlackElo "1577"]
[PlyCount "108"]
[EventDate "2013.08.29"]
[EventType "swiss"]
[EventRounds "7"]
[EventCountry "SVK"]
[SourceTitle "CBM 156 Extra"]
[Source "ChessBase"]
[SourceDate "2013.10.22"]
[SourceVersion "1"]
[SourceVersionDate "2013.10.22"]
[SourceQuality "1"]

1. d4 d5 2. Nf3 e6 3. c4 c5 4. Nc3 Nc6 5. e3 cxd4 6. Nxd4 Bb4 7. Bd2 Nge7 8. a3 Bxc3 9. Bxc3 0-0 10. Be2 e5 11. Nxc6 bxc6 12. Bxe5 Be6 13. c5 a5 14. 0-0 Nf5 15. Qc2 Qh4 16. Rad1 f6 17. Bg3 Nxg3 18. hxg3 Qg5 19. Rd4 Bf5 20. Qd2 Ra7 21. g4 Bd7 22. f4 Qg6 23. f5 Qe8 24. Rf3 Qe7 25. Qc3 Qe5 26. Bd3 Rb8 27. Bc2 Be8 28. Kf2 Bf7 29. Ba4 Be8 30. Qd2 Qe7 31. Qc1 Qb7 32. b3 Qe7 33. Rff4 Qe5 34. Qc3 Rc8 35. Kf3 h5 36. g3 g5 37. fxg6 Bxg6 38. gxh5 Be4+ 39. Ke2 Qxh5+ 40. g4 Qh2+ 41. Rf2 Qg3 42. Rxe4 dxe4 43. Qc4+ Kg7 44. Qxe4 Qe5 45. Qxe5 fxe5 46. Rf5 Re7 47. e4 Re6 48. Kd3 Rd8+ 49. Ke3 Rd1 50. b4 Ra1 51. Bb3 Rxa3 52. bxa5 Rxb3+ 53. Kd2 Rb5 54. a6 Rxc5 0-1

[Event "Zilina Region-ch"]
[Site "Zilina"]
[Date "2012.05.06"]
[Round "7"]
[White "Kunzo, Slavomir"]
[Black "Carnecky, Andrej"]
[Result "1-0"]
[WhiteElo "1609"]
[BlackElo "1486"]
[PlyCount "59"]
[EventDate "2012.05.04"]
[EventType "swiss"]
[EventRounds "7"]
[EventCountry "SVK"]
[SourceTitle "CBM 148 Extra"]
[Source "ChessBase"]
[SourceDate "2012.06.22"]
[SourceVersion "1"]
[SourceVersionDate "2012.06.22"]
[SourceQuality "1"]

1. e4 e5 2. f4 d6 3. Nf3 Nc6 4. Bc4 Nf6 5. Nc3 Be6 6. Bd5 Bg4 7. 0-0 Nxd5 8. Nxd5 Nd4 9. c3 Nxf3+ 10. gxf3 Bh3 11. Rf2 c6 12. Ne3 exf4 13. Ng2 g5 14. d4 Rg8 15. Re2 Qd7 16. e5 0-0-0 17. Qe1 Bh6 18. Rf2 Rde8 19. b3 dxe5 20. dxe5 Bg7 21. Re2 g4 22. Nh4 gxf3 23. Nxf3 Bxe5+ 24. Kh1 Bxc3 25. Rxe8+ Rxe8 26. Qxc3 Qd1+ 27. Ng1 Re1 28. Qxh3+ Kd8 29. Qg2 f3 30. Bg5+ 1-0

[Event "Martin op"]
[Site "Martin"]
[Date "2011.11.16"]
[Round "1"]
[White "Bakalar, Jan"]
[Black "Kunzo, Slavomir"]
[Result "1-0"]
[WhiteElo "2020"]
[BlackElo "1624"]
[PlyCount "83"]
[EventDate "2011.11.16"]
[EventType "swiss"]
[EventRounds "7"]
[EventCountry "SVK"]
[SourceTitle "EXT 2012"]
[Source "ChessBase"]
[SourceDate "2011.11.24"]
[SourceVersion "1"]
[SourceVersionDate "2011.11.24"]
[SourceQuality "1"]

1. Nc3 c5 2. e4 Nc6 3. g3 g6 4. Bg2 Bg7 5. d3 e6 6. Be3 d6 7. Qd2 a6 8. 0-0-0 Qa5 9. Kb1 Bxc3 10. Qxc3 Qxc3 11. bxc3 h6 12. d4 b6 13. f4 Nge7 14. Ne2 Bb7 15. e5 Nf5 16. Bf2 d5 17. g4 Nfe7 18. dxc5 b5 19. h4 a5 20. Nd4 Ba6 21. a3 b4 22. cxb4 axb4 23. Rh3 Bc4 24. Kb2 0-0 25. Ra1 Rfb8 26. Nb3 Ra4 27. Be1 bxa3+ 28. Rxa3 Rxa3 29. Kxa3 Na7 30. Kb2 Nec6 31. Kc1 Nb5 32. Nd2 Be2 33. Bf3 Nc3 34. Nb3 Bxf3 35. Rxf3 Ne4 36. Bc3 Ra8 37. Nd4 Na5 38. Bxa5 Rxa5 39. c6 Rc5 40. Rb3 Kg7 41. Rb7 Nf2 42. Nxe6+ 1-0